00174nam a2200073Ia 4500082001200000245002700012100002000039008004100059 aAF MART 0aKarnaval van die dood  aMartin, Wille 210825s9999 xx 000 0 und d